Teória a prax účtovania, vykonávania a využitia inventarizácie vo vybranej organizácii bakalárska práca

Guardado en:
Detalles Bibliográficos
Autor principal: Troiaková, Eva
Autor Corporativo: Národohospodárska fakulta EU. Katedra financií
Otros Autores: Staríčková, Zuzana
Formato: Libro
Lenguaje:eslovaco
Publicado: Bratislava 2011
Etiquetas: Agregar Etiqueta
Sin Etiquetas, Sea el primero en etiquetar este registro!

MARC

LEADER 00000nam a2200000 4500
001 0152722
005 20240320072203.9
041 0 |a slo 
044 |a SK 
245 1 0 |a Teória a prax účtovania, vykonávania a využitia inventarizácie vo vybranej organizácii  |b bakalárska práca  |c Eva Troiaková ; školiteľ: Zuzana Staríčková 
264 1 |a Bratislava  |c 2011 
300 |a 32 s. 
100 1 |a Troiaková, Eva 
700 1 |a Staríčková, Zuzana 
710 2 |a Národohospodárska fakulta EU. Katedra financií